Electromagnetic theory
Uloženo v:
| Hlavní autor: | |
|---|---|
| Médium: | Kniha |
| Jazyk: | angličtina |
| Vydáno: |
Londres
The Athlone Press
1954
|
| Vydání: | 1a. ed |
| Témata: | |
| Tagy: |
Přidat tag
Žádné tagy, Buďte první, kdo vytvoří štítek k tomuto záznamu!
|
MARC
| LEADER | 00000nam a2200000 a 4500 | ||
|---|---|---|---|
| 001 | UCG1008 | ||
| 003 | CL-VaPUC | ||
| 008 | 100415e19540000UK |||||||||||||||||eng|d | ||
| 082 | 0 | 4 | |a 530.141 |b FER |2 21 |
| 100 | 0 | |a Ferraro, V. C. A |e author |9 548738 | |
| 245 | 1 | 0 | |a Electromagnetic theory |
| 250 | |a 1a. ed | ||
| 300 | |a 555 p | ||
| 942 | |c BK | ||
| 945 | |d 20100415 00:00:00 |a dcastane | ||
| 260 | |a Londres |b The Athlone Press |c 1954 | ||
| 650 | 0 | |a Teoría electromagnética |9 260747 | |
| 650 | 0 | |a Electromagnetismo |9 260123 | |
| 583 | |a last modification |c 20100415 00:00:00 |k Rodrigo Vera | ||
| 999 | |c 340489 |d 340487 | ||
| 952 | |0 0 |1 0 |4 0 |6 530_141000000000000_FER_1954 |7 0 |8 A |9 435262 |a BIBCUR |b BIBCUR |d 2019-11-22 |i 4648560 |l 1 |o 530.141 FER 1954 |p 4648560 |r 2025-04-22 |s 2022-08-10 |w 2019-11-22 |y BK |k FIS | ||